Leadership for a Changing Church : Charting the shape of the river

Drawing on a metaphor from Mark Twain's Life on the Mississippi, Robert Dale claims that religious leaders must know, as never before, the "shape of the river" of religious and social change. Change, he argues, is the primary context in which Christian ministry now takes place. Pastor...

Ful tanımlama

Kaydedildi:
Detaylı Bibliyografya
Yazar: Dale, Robert D. (autor)
Materyal Türü: Kitap
Baskı/Yayın Bilgisi: Nashville, TN Abingdon Press 1998
Konular:
Etiketler: Etiketle
Etiket eklenmemiş, İlk siz ekleyin!

MARC

LEADER 00000nam a22000005a 4500
003 CL-ChUAC
005 20260217120651.0
007 ta
008 180322s1998 xxu ||||| |||| 000 ||eng
020 |a 0-687-01485-9 
040 |a CL-ChBUA  |c CL-ChBUA  |e rda  |b spa 
082 0 0 |2 22  |a 262.1 
100 1 |a Dale, Robert D.  |e autor 
245 1 0 |a Leadership for a Changing Church :   |b Charting the shape of the river  |c Robert D. Dale  
260 |a Nashville, TN  |b Abingdon Press  |c 1998 
300 |a 124 páginas  |e 22 cm 
336 |2 rdacontent  |a text  |b txt 
337 |2 rdamedia  |a unmediated  |b n 
338 |2 rdacarrier  |a volume  |b nc 
504 |a índice, notas 
520 3 |a Drawing on a metaphor from Mark Twain's Life on the Mississippi, Robert Dale claims that religious leaders must know, as never before, the "shape of the river" of religious and social change. Change, he argues, is the primary context in which Christian ministry now takes place. Pastors and other congregational leaders must embody the timeless values of the Christian message, yet do so in ways that are constantly flexible and open to revision. Fundamental to religious leaders in this new era will be adaptability rooted in character. Leadership for a Changing Church will enable readers to look ahead in anticipation, as they welcome the new challenges presented by ministry in an ever-evolving era 
650 4 |a LIDERAZGO  |x ASPECTOS RELIGIOSOS  |x CRISTIANISMO 
942 |2 ddc  |c LIB 
945 |0 nac 
952 |0 0  |1 0  |2 ddc  |4 0  |6 262_100000000000000_D_139IN  |7 0  |9 1159599  |a UNACH  |b UNACH  |c 200  |d 2018-03-22  |i 62.260  |l 0  |o 262.1 / D 139in  |p 97296  |r 2018-03-22 00:00:00  |t 1  |w 2018-03-22  |y LIB 
999 |c 2281920  |d 2281920